[Event "Sicilian; choose your variation ~ 1500 and up"]
[Site "SchemingMind.com"]
[Date "2009.07.17"]
[Round "-"]
[White "Sir_Grantis1"]
[Black "andu"]
[Result "0-1"]
[WhiteCountry "USA"]
[BlackCountry "AUT"]
[WhiteElo "1459"]
[WhiteRD "112"]
[BlackElo "1892"]
[BlackRD "50"]
[GameID "212918"]

1. e4 c5 2. Nf3 e6 3. b3 b6 4. Bb2 Bb7 5. Nc3 a6 6. d4 cxd4 7. Nxd4 Bb4 8. Bd3 Qc7 9. Qd2 Nf6 10. a3 Nxe4
11. Bxe4 Bxc3 12. Bxc3 Bxe4 13. O-O O-O 14. f3 Bg6 15. Ne2 d5 16. Qd4 f6 17. Rac1 Nc6 18. Qe3 e5 19. Bb2 d4 20. Qd2 Rac8
21. c3 d3 22. Ng3 Na5 23. Qd1 d2 24. Ra1 Rfd8 25. c4 Rd3 26. Rc1 dxc1=Q
0-1